[Event "XI Festival"]
[Site "Voronezh RUS"]
[Date "2007.06.19"]
[Round "7"]
[White "Azarov, S."]
[Black "Amonatov, F."]
[Result "1/2-1/2"]
[WhiteElo "2571"]
[BlackElo "2574"]
[PlyCount "112"]
[EventDate "2007.06.12"]
[Source "www.chesslib.no"]
[SourceDate "2004.05.04"]

1. e4 c5 2. Nf3 d6 3. d4 cxd4 4. Nxd4 Nf6 5. Nc3 a6 6. Bg5 e6 7. f4 Be7 8. Qf3 h6 9. Bh4 Nbd7 10. O-O-O Qc7 11. Bd3 g5 12. fxg5 Ne5 13. Qe2 Nfg4 14. Nf3 hxg5 15. Bg3 Bd7 16. Rdf1 b5 17. Nxe5 Nxe5 18. Kb1 Rc8 19. Bxe5 dxe5 20. Nd1 Qc5 21. Ne3 a5 22. Ng4 a4 23. Qf2 Rf8 24. Qxc5 Rxc5 25. Re1 f6 26. Rhf1 Kf7 27. a3 Kg7 28. c3 Rcc8 29. Bc2 Bc6 30. h3 Rcd8 31. Kc1 Rd7 32. Rf3 Bd6 33. Ref1 Rdf7 34. R3f2 Bc7 35. Bb1 Bb6 36. Rf3 Bc5 37. Bc2 Bd6 38. R3f2 Kg6 39. Re1 Bc7 40. Bb1 Bd7 41. Rd2 Re7 42. Rf1 Kg7 43. Rdf2 Ref7 44. Ba2 f5 45. exf5 Rxf5 46. Bb1 Rxf2 47. Rxf2 Bc6 48. Rxf8 Kxf8 49. Nf6 Bxg2 50. Nh7+ Ke8 51. Nxg5 Bd8 52. h4 Kd7 53. Kd2 Bd5 54. Ke3 Bb6+ 55. Ke2 Bd8 56. Ke3 Bb6+ 1/2-1/2

[Event "Corr"]
[Site "?"]
[Date "2000.09.30"]
[Round "?"]
[White "Nimtz Manfred"]
[Black "Aldrete Lobo Jorge"]
[Result "1/2-1/2"]
[WhiteElo "2627"]
[BlackElo "2515"]
[PlyCount "88"]
[EventDate "2000.??.??"]
[Source "www.chesslib.no"]
[SourceDate "2004.05.04"]

1. e4 c5 2. Nf3 d6 3. d4 cxd4 4. Nxd4 Nf6 5. Nc3 a6 6. Bg5 e6 7. f4 Be7 8. Qf3 Qc7 9. O-O-O Nbd7 10. g4 b5 11. Bxf6 Bxf6 12. Bxb5 Rb8 13. Ba4 O-O 14. Bb3 Rb4 15. Nce2 Nc5 16. c3 Rb8 17. Bc2 e5 18. g5 Bd8 19. Nb3 Be6 20. Nxc5 dxc5 21. b3 c4 22. b4 a5 23. a3 axb4 24. axb4 Qa7 25. Kb2 exf4 26. Qxf4 Bc7 27. e5 Qa5 28. Nd4 Bxe5 29. Qe4 g6 30. Bb3 Bf5 31. Qc6 Qa7 32. Qxc4 Rfc8 33. Qd5 Qc7 34. Rc1 Bf4 35. Nxf5 Bxc1+ 36. Rxc1 gxf5 37. Qxf5 Rxb4 38. Qxc8+ Qxc8 39. cxb4 Qb8 40. Rf1 Qxh2+ 41. Ka3 Kg7 42. Rxf7+ Kg6 43. Rd7 Kxg5 44. b5 Qb8 1/2-1/2

[Event "XXIII Open"]
[Site "Cappelle la Grande FRA"]
[Date "2007.03.10"]
[Round "9"]
[White "Spraggett, K."]
[Black "Andriasian, Z."]
[Result "1/2-1/2"]
[WhiteElo "2633"]
[BlackElo "2508"]
[PlyCount "142"]
[EventDate "2007.03.03"]
[Source "www.chesslib.no"]
[SourceDate "2004.05.04"]

1. e4 c5 2. Nf3 d6 3. d4 cxd4 4. Nxd4 Nf6 5. Nc3 a6 6. Bg5 e6 7. f4 Be7 8. Qf3 Qc7 9. O-O-O h6 10. Bh4 Nbd7 11. Be2 g5 12. fxg5 Ne5 13. Qg3 Rg8 14. Nf3 hxg5 15. Nxg5 Ng6 16. Nxf7 Kxf7 17. Rhf1 Qc5 18. Rd5 exd5 19. Bxf6 Ke8 20. Bh5 Kd8 21. Bxg6 Bxf6 22. Rxf6 Bd7 23. Rxd6 Qg1+ 24. Nd1 Rc8 25. Qg5+ Kc7 26. Qe5 Qxg2 27. Rxd5+ Kb6 28. Qd4+ Kc7 29. Qe5+ Kb6 30. Qd4+ Kc7 31. Bf7 Rgd8 32. Qe5+ Kb6 33. Qd4+ Kc7 34. Qe5+ Kb6 35. Rd2 Bg4 36. Bd5 Qg1 37. Qe7 Rd7 38. Qf6+ Ka7 39. Qf2+ Qxf2 40. Nxf2 Rg7 41. Nxg4 Rxg4 42. Be6 Rg1+ 43. Rd1 Rxd1+ 44. Kxd1 Rh8 45. h3 Kb6 46. c3 Kc5 47. b4+ Kd6 48. Bf5 Rg8 49. Kc2 Rg1 50. a4 b6 51. Kb2 Rg2+ 52. Kb3 Rg1 53. Bc8 a5 54. Bf5 Ra1 55. Bg6 Rh1 56. Bf5 Ra1 57. h4 Rh1 58. Kc4 axb4 59. cxb4 Rxh4 60. Kb5 Kc7 61. Ka6 Rh6 62. Kb5 Rh4 63. a5 bxa5 64. bxa5 Kd6 65. a6 Rh1 66. Bc8 Rb1+ 67. Ka4 Ra1+ 68. Kb5 Rb1+ 69. Ka4 Ra1+ 70. Kb4 Ke5 71. Bb7 Rxa6 1/2-1/2

[Event "New York"]
[Site "?"]
[Date "1993.??.??"]
[Round "?"]
[White "Shabalov, A."]
[Black "Hellers, F."]
[Result "0-1"]
[WhiteElo "2575"]
[BlackElo "2565"]
[PlyCount "86"]
[EventDate "1993.??.??"]
[Source "ChessBase"]
[SourceDate "1993.02.01"]

1. e4 c5 2. Nf3 d6 3. d4 cxd4 4. Nxd4 Nf6 5. Nc3 a6 6. Bg5 e6 7. f4 Be7 8. Qf3 Qc7 9. O-O-O Nbd7 10. Bxf6 Nxf6 11. g4 b5 12. g5 Nd7 13. f5 Bxg5+ 14. Kb1 Ne5 15. Qh5 Qe7 16. fxe6 g6 17. exf7+ Kxf7 18. Qe2 Bg4 19. Qf2+ Qf6 20. Qxf6+ Bxf6 21. Be2 Bc8 22. Rhf1 Kg7 23. Nd5 Bd8 24. Rf4 Ra7 25. h4 h5 26. Rdf1 Rf7 27. Rxf7+ Nxf7 28. a4 Bxh4 29. axb5 axb5 30. Bxb5 Bg3 31. Nc7 Ng5 32. Rg1 h4 33. Ne2 Nf3 34. Rd1 Be5 35. Ne8+ Kh7 36. c4 h3 37. Nxd6 Be6 38. c5 h2 39. Rh1 Kg7 40. Ne8+ Kf8 41. Nc1 Bh3 42. Nd3 Bg2 43. Rxh2 Bxh2 0-1

[Event "Philadelphia"]
[Site "?"]
[Date "1993.??.??"]
[Round "?"]
[White "Shabalov, A."]
[Black "de Firmian, N."]
[Result "1-0"]
[WhiteElo "2590"]
[BlackElo "2545"]
[PlyCount "73"]
[EventDate "1993.??.??"]
[Source "ChessBase"]
[SourceDate "1993.06.01"]

1. e4 c5 2. Nf3 d6 3. d4 cxd4 4. Nxd4 Nf6 5. Nc3 a6 6. Bg5 e6 7. f4 Be7 8. Qf3 Qc7 9. O-O-O Nbd7 10. Bxf6 Nxf6 11. g4 b5 12. g5 Nd7 13. f5 Nc5 14. h4 b4 15. fxe6 fxe6 16. Nce2 g6 17. Kb1 Bb7 18. Ng3 Rf8 19. Qe3 e5 20. Nb3 Ne6 21. Rh2 a5 22. Bb5+ Bc6 23. Bc4 Bd7 24. Bd5 Rc8 25. c4 Nf4 26. Rc2 Bd8 27. Ne2 Nxd5 28. Rxd5 a4 29. Nd2 Bc6 30. c5 Bxd5 31. exd5 dxc5 32. Nc4 Rf1+ 33. Nc1 Be7 34. Qd3 Rf4 35. d6 Qd8 36. Qh3 Bf8 37. Qe6+ 1-0

[Event "Open Aeroflot"]
[Site "Mosca RUS"]
[Date "2007.02.15"]
[Round "2"]
[White "Andriasian, Z."]
[Black "Efimenko, Z."]
[Result "1/2-1/2"]
[WhiteElo "2508"]
[BlackElo "2616"]
[PlyCount "115"]
[EventDate "2007.02.14"]
[Source "www.chesslib.no"]
[SourceDate "2004.05.04"]

1. e4 c5 2. Nf3 d6 3. d4 cxd4 4. Nxd4 Nf6 5. Nc3 a6 6. Bg5 e6 7. f4 h6 8. Bh4 Be7 9. Qf3 Qc7 10. O-O-O Nbd7 11. Be2 g5 12. fxg5 Ne5 13. Qf2 Nfg4 14. Qf4 Qd8 15. Qd2 Bxg5 16. Bxg5 Qxg5 17. Rdf1 Qxd2+ 18. Kxd2 Ke7 19. Rf4 Nf6 20. Rhf1 Nfd7 21. Bh5 Rh7 22. a4 b6 23. Nf3 Bb7 24. Nxe5 Nxe5 25. g3 Rc8 26. b3 Rc5 27. Be2 Rh8 28. Bd3 h5 29. Nd1 Rh6 30. Ne3 f6 31. Nc4 Nd7 32. Be2 Rg5 33. Ke3 b5 34. axb5 axb5 35. Nd2 Rc5 36. c4 bxc4 37. Nxc4 Rb5 38. Rb1 Rb4 39. Nxd6 Ba8 40. Nc4 Rh8 41. Rh4 Nc5 42. Nd2 f5 43. exf5 Rxh4 44. f6+ Kxf6 45. gxh4 Bd5 46. b4 Na4 47. Rc1 Nb6 48. Rc5 Ra8 49. Ra5 Rc8 50. Rc5 Ra8 51. Bd3 Ra2 52. Ne4+ Ke5 53. Ng5 Rb2 54. Rb5 Nd7 55. Bc4 Kd6 56. Bxd5 exd5 57. Nf3 Ne5 58. Nd4 1/2-1/2

[Event "Asia-chT"]
[Site "Shenyang"]
[Date "1999.10.13"]
[Round "5"]
[White "Peng Xiaomin"]
[Black "Kotsur, Pavel"]
[Result "1-0"]
[WhiteElo "2574"]
[BlackElo "2548"]
[PlyCount "49"]
[EventDate "1999.10.10"]
[Source "www.chesslib.no"]
[SourceDate "2004.05.04"]

1. e4 c5 2. Nf3 d6 3. d4 cxd4 4. Nxd4 Nf6 5. Nc3 a6 6. Bg5 Nbd7 7. f4 e6 8. Qf3 Qc7 9. O-O-O Be7 10. Bd3 b5 11. Rhe1 Bb7 12. Nd5 Nxd5 13. exd5 Bxg5 14. Rxe6+ Kd8 15. fxg5 Ne5 16. Rxe5 dxe5 17. Nf5 g6 18. Nh6 Kc8 19. Be4 Ra7 20. d6 Qd7 21. Ng4 Kb8 22. Bxb7 Qxb7 23. Qf6 Rc8 24. d7 Rxc2+ 25. Kb1 1-0

[Event "Leningrad"]
[Site "Leningrad"]
[Date "1971.??.??"]
[Round "15"]
[White "Shamkovich, L."]
[Black "Grigorian, K."]
[Result "1-0"]
[WhiteElo "2560"]
[BlackElo "2560"]
[PlyCount "23"]
[EventDate "1971.??.??"]
[Source "www.chesslib.no"]
[SourceDate "2004.05.04"]

1. e4 c5 2. Nf3 d6 3. d4 cxd4 4. Nxd4 Nf6 5. Nc3 a6 6. Bg5 e6 7. f4 Be7 8. Qf3 Qc7 9. O-O-O Nbd7 10. g4 b5 11. Bxf6 Nxf6 12. a3 1-0

[Event "X Open"]
[Site "Dubai EAU"]
[Date "2008.04.09"]
[Round "4"]
[White "So, W."]
[Black "Adly, A."]
[Result "1-0"]
[WhiteElo "2540"]
[BlackElo "2578"]
[PlyCount "73"]
[EventDate "2008.04.07"]
[Source "www.chesslib.no"]
[SourceDate "2004.05.04"]

1. e4 c5 2. Nf3 d6 3. d4 cxd4 4. Nxd4 Nf6 5. Nc3 a6 6. Bg5 e6 7. f4 Nbd7 8. Qf3 Be7 9. O-O-O Qc7 10. Bd3 h6 11. Bh4 g5 12. fxg5 Ne5 13. Qe2 Nfg4 14. Nf3 Nxf3 15. Qxf3 Ne5 16. Qh5 Ng6 17. Bg3 hxg5 18. Qf3 Ne5 19. Bxe5 dxe5 20. Rdf1 Rh7 21. h4 gxh4 22. Qg4 Rh6 23. g3 Rg6 24. Qf3 Rf6 25. Qh5 Rxf1+ 26. Rxf1 hxg3 27. Qxf7+ Kd7 28. Rd1 Kc6 29. Qg6 Bh4 30. Nd5 Qd6 31. Qe8+ Bd7 32. Qxa8 exd5 33. Bxa6 Qc7 34. Rxd5 Bg5+ 35. Kb1 Qb6 36. Bb5+ Qxb5 37. Rxb5 1-0

[Event "EuTCh"]
[Site "Plovdiv"]
[Date "2003.10.19"]
[Round "8"]
[White "Guseinov, Gadir"]
[Black "Kempinski, Robert"]
[Result "0-1"]
[WhiteElo "2557"]
[BlackElo "2561"]
[PlyCount "72"]
[EventDate "2003.10.10"]
[Source "Roberto Alvarez"]
[SourceDate "2003.10.20"]

1. e4 c5 2. Nf3 d6 3. d4 cxd4 4. Nxd4 Nf6 5. Nc3 a6 6. Bg5 e6 7. f4 Be7 8. Qf3 Qc7 9. O-O-O Nbd7 10. g4 h6 11. Bh4 g5 12. e5 gxh4 13. exf6 Nxf6 14. g5 hxg5 15. fxg5 Nh7 16. g6 fxg6 17. Bd3 Nf8 18. Rhg1 Rg8 19. Rdf1 Rg7 20. Bxg6+ Kd8 21. Bh5 Rxg1 22. Rxg1 Qc5 23. Nce2 e5 24. Qf7 exd4 25. Qe8+ Kc7 26. Qxe7+ Bd7 27. Rg5 Qc6 28. Nf4 Qh1+ 29. Bd1 Re8 30. Qf6 Nh7 31. Rg1 Qxg1 32. Nd5+ Kc6 33. Nb4+ Kc5 34. Nd3+ Kb6 35. Qxd6+ Bc6 36. b4 Ka7 0-1

[Event "Bundesliga 9899"]
[Site "Germany"]
[Date "1999.01.09"]
[Round "7.2"]
[White "Holzke, Frank"]
[Black "Sadler, Matthew"]
[Result "0-1"]
[WhiteElo "2447"]
[BlackElo "2668"]
[PlyCount "84"]
[EventDate "1998.10.17"]
[Source "ChessBase"]
[SourceDate "1999.07.01"]

1. e4 c5 2. Nf3 d6 3. d4 cxd4 4. Nxd4 Nf6 5. Nc3 a6 6. Bg5 e6 7. f4 Be7 8. Qf3 Qc7 9. O-O-O Nbd7 10. g4 b5 11. Bxf6 Nxf6 12. g5 Nd7 13. f5 Bxg5+ 14. Kb1 Ne5 15. Qh5 Qd8 16. h4 Bf6 17. fxe6 O-O 18. Bh3 fxe6 19. Bxe6+ Kh8 20. Nd5 Nc4 21. Nxf6 Qxf6 22. Bd5 Rb8 23. Qg5 Ne5 24. a3 Bg4 25. Rd2 h5 26. Qe3 Qf4 27. Qe1 Rf6 28. b3 Rbf8 29. Ka2 Kh7 30. Rg2 g6 31. Qc3 Rc8 32. Qe1 Rcf8 33. Qc3 Qh6 34. Bb7 a5 35. Qxa5 Rf1 36. Rxf1 Rxf1 37. Rd2 Qe3 38. Nf5 Bxf5 39. Qc7+ Bd7 40. Rxd6 Qc1 41. Rxd7+ Nxd7 42. Qxd7+ Kh6 0-1

[Event "Bundesliga 0001"]
[Site "Germany"]
[Date "2001.03.11"]
[Round "11.4"]
[White "Baklan, Vladimir"]
[Black "Gallagher, Joseph G"]
[Result "1-0"]
[WhiteElo "2599"]
[BlackElo "2514"]
[PlyCount "69"]
[EventDate "2000.10.14"]
[Source "ChessBase"]
[SourceDate "2001.05.17"]

1. e4 c5 2. Nf3 d6 3. d4 cxd4 4. Nxd4 Nf6 5. Nc3 a6 6. Bg5 e6 7. f4 Be7 8. Qf3 Qc7 9. O-O-O Nbd7 10. g4 b5 11. Bxf6 Nxf6 12. g5 Nd7 13. f5 Bxg5+ 14. Kb1 Ne5 15. Qh5 Qe7 16. Nxe6 Bxe6 17. fxe6 g6 18. exf7+ Kxf7 19. Qh3 Kg7 20. Nd5 Qd8 21. Qc3 Ra7 22. Qa3 Ra8 23. Be2 h6 24. h4 Bxh4 25. Nf4 Kh7 26. Rxd6 Qe7 27. Nd5 Qg5 28. Qh3 Bf2 29. Rd7+ Nxd7 30. Qxd7+ Kg8 31. Ne7+ Kf8 32. Rf1 Qg2 33. Nxg6+ Qxg6 34. Rxf2+ Kg8 35. Qd5+ 1-0

[Event "URS-ch1L"]
[Site "Kischniev"]
[Date "1975.??.??"]
[Round "?"]
[White "Gufeld, Eduard E"]
[Black "Savon, Vladimir A"]
[Result "1/2-1/2"]
[WhiteElo "2535"]
[BlackElo "2575"]
[PlyCount "50"]
[EventDate "1975.10.??"]
[Source "www.chesslib.no"]
[SourceDate "2004.05.04"]

1. e4 c5 2. Nf3 d6 3. d4 cxd4 4. Nxd4 Nf6 5. Nc3 a6 6. Bg5 e6 7. f4 Be7 8. Qf3 Qc7 9. O-O-O Nbd7 10. Bd3 h6 11. Qh3 Nb6 12. f5 e5 13. Nde2 Bd7 14. Rhe1 Bc6 15. Ng3 Rc8 16. Kb1 Nbd7 17. Bxf6 Bxf6 18. Nh5 b5 19. g4 Kf8 20. Nxf6 gxf6 21. Qe3 Ke7 22. h4 b4 23. Ne2 Bb5 24. Qd2 Bxd3 25. cxd3 Qb7 1/2-1/2

[Event "Geneve"]
[Site "?"]
[Date "1992.??.??"]
[Round "?"]
[White "Psakhis, L."]
[Black "Cvitan, O."]
[Result "0-1"]
[WhiteElo "2605"]
[BlackElo "2505"]
[PlyCount "100"]
[EventDate "1992.??.??"]
[Source "ChessBase"]
[SourceDate "1992.02.01"]

1. e4 c5 2. Nf3 d6 3. d4 cxd4 4. Nxd4 Nf6 5. Nc3 a6 6. Bg5 e6 7. f4 Be7 8. Qf3 Qc7 9. O-O-O Nbd7 10. g4 b5 11. Bxf6 Nxf6 12. g5 Nd7 13. f5 Bxg5+ 14. Kb1 Ne5 15. Qh5 Qd8 16. Rg1 Bf6 17. fxe6 O-O 18. Bh3 g6 19. Nd5 Kh8 20. Qe2 fxe6 21. Bxe6 Ra7 22. Nxf6 Rxf6 23. Bd5 Re7 24. h4 Qf8 25. a3 Bg4 26. Rxg4 Rf2 27. Rg2 Rxe2 28. Rxe2 h5 29. Ka2 Qf4 30. Rh1 Ng4 31. Ne6 Qf3 32. Ree1 Ne3 33. Bb3 a5 34. Ng5 Qf2 35. c3 b4 36. cxb4 axb4 37. a4 d5 38. exd5 Nxd5 39. Ref1 Qd2 40. Nf3 Qd3 41. Rf2 Re2 42. Ne5 Rxe5 43. Rd1 Nc3+ 44. bxc3 Re2+ 45. Rxe2 Qxe2+ 46. Kb1 bxc3 47. Bc2 Qg4 48. Rd3 Qb4+ 49. Kc1 Kg7 50. Rd5 Qxh4 0-1

[Event "Skelleftea op"]
[Site "Skelleftea"]
[Date "2000.??.??"]
[Round "5"]
[White "Hector, Jonny"]
[Black "Dvoirys, Semen I"]
[Result "0-1"]
[WhiteElo "2515"]
[BlackElo "2591"]
[PlyCount "50"]
[EventDate "2000.??.??"]
[Source "www.chesslib.no"]
[SourceDate "2004.05.04"]

1. e4 c5 2. Nf3 d6 3. d4 cxd4 4. Nxd4 Nf6 5. Nc3 a6 6. Bg5 e6 7. f4 Nbd7 8. Qf3 Qc7 9. O-O-O Be7 10. g4 b5 11. Bxf6 Nxf6 12. g5 Nd7 13. f5 Bxg5+ 14. Kb1 O-O 15. Qg3 Bf6 16. fxe6 Nb6 17. Bh3 Be5 18. Qg2 Qc4 19. Nf5 Bxe6 20. Nxd6 Qc7 21. Nf5 Bxc3 22. bxc3 Bxf5 23. Bxf5 Na4 24. Rd3 Nxc3+ 25. Kb2 Qe5 0-1

[Event "Ch (Men) Krakow POL"]
[Site "?"]
[Date "2006.02.28"]
[Round "4.5"]
[White "Heberla Bartolomiej"]
[Black "Kempinski Robert"]
[Result "1/2-1/2"]
[WhiteElo "2487"]
[BlackElo "2619"]
[PlyCount "182"]
[EventDate "2006.??.??"]
[Source "www.chesslib.no"]
[SourceDate "2004.05.04"]

1. e4 c5 2. Nf3 d6 3. d4 cxd4 4. Nxd4 Nf6 5. Nc3 a6 6. Bg5 Nbd7 7. f4 e6 8. Qf3 Be7 9. O-O-O Qc7 10. g4 h6 11. Bxf6 Bxf6 12. h4 Qb6 13. Nde2 Nc5 14. g5 Be7 15. g6 O-O 16. gxf7+ Rxf7 17. Qg3 Bd7 18. f5 Bc6 19. fxe6 Nxe6 20. Bh3 Nc5 21. Rhg1 Bxe4 22. Nd4 Bf6 23. Qe3 Be5 24. Kb1 Bf4 25. Qe2 d5 26. Nb3 Nxb3 27. axb3 Qc6 28. Qh5 Be3 29. Rgf1 Rxf1 30. Rxf1 Bg6 31. Qg4 h5 32. Qg3 Re8 33. Bg2 Kh7 34. Bxd5 Qd7 35. Re1 Bf4 36. Qf2 Rxe1+ 37. Qxe1 b5 38. Be4 Qg4 39. Nd5 Bg3 40. Bxg6+ Qxg6 41. Qe7 Qf5 42. Qd8 Bxh4 43. Qxh4 Qxd5 44. c4 Qe5 45. Ka2 b4 46. Qf2 Qe4 47. c5 h4 48. Qf7 Qc6 49. Qe7 h3 50. Qh4+ Kg6 51. Qg4+ Kf6 52. Qf4+ Kg6 53. Qg4+ Kf6 54. Qf4+ Ke6 55. Qg4+ Kf7 56. Qf5+ Kg8 57. Qxh3 Qxc5 58. Qe6+ Kf8 59. Qxa6 g5 60. Qf6+ Ke8 61. Qe6+ Kd8 62. Qf6+ Qe7 63. Qd4+ Ke8 64. Qh8+ Kf7 65. Qh5+ Kg7 66. Qg4 Kg6 67. Kb1 Qd6 68. Qe4+ Kf6 69. Ka2 Qf4 70. Qc6+ Kf5 71. Qd5+ Kg4 72. Qg2+ Kh4 73. Qh1+ Kg3 74. Qg1+ Kf3 75. Qf1+ Ke3 76. Qe1+ Kd3 77. Qd1+ Ke4 78. Qe2+ Kd4 79. Qd1+ Ke5 80. Qe2+ Qe4 81. Qh2+ Kf5 82. Qh7+ Kf4 83. Qh2+ Kg4 84. Qd6 Qa8+ 85. Kb1 Qb7 86. Qe6+ Kg3 87. Qe3+ Kh4 88. Qe1+ Kh5 89. Qe8+ Kg4 90. Qe6+ Kg3 91. Qe3+ Kg4 1/2-1/2

[Event "Phillips&Drew"]
[Site "London"]
[Date "1980.??.??"]
[Round "8"]
[White "Nunn, John DM"]
[Black "Ljubojevic, Ljubomir"]
[Result "1/2-1/2"]
[WhiteElo "2515"]
[BlackElo "2590"]
[PlyCount "53"]
[EventDate "1980.04.??"]
[Source "ChessBase"]

1. e4 c5 2. Nf3 d6 3. d4 cxd4 4. Nxd4 Nf6 5. Nc3 a6 6. Bg5 e6 7. f4 Be7 8. Qf3 h6 9. Bh4 Nbd7 10. O-O-O Qc7 11. Bd3 g5 12. e5 gxh4 13. exf6 Nxf6 14. f5 e5 15. Nde2 Bd7 16. Be4 Bc6 17. Nd5 Bxd5 18. Bxd5 Rc8 19. Nc3 b5 20. Bb3 Qc6 21. Qe2 Rg8 22. Nd5 a5 23. Nxf6+ Bxf6 24. Bd5 Qb6 25. Rd3 Ke7 26. Rhd1 Rc5 27. Kb1 1/2-1/2

[Event "Europa ch 2008"]
[Site "Plovdiv BUL"]
[Date "2008.05.01"]
[Round "10.41"]
[White "Sebag, Marie"]
[Black "Kokarev, Dmitry"]
[Result "1-0"]
[WhiteElo "2521"]
[BlackElo "2579"]
[PlyCount "71"]
[EventDate "2008.04.21"]
[Source "www.chesslib.no"]
[SourceDate "2004.05.04"]

1. e4 c5 2. Nf3 d6 3. d4 cxd4 4. Nxd4 Nf6 5. Nc3 a6 6. Bg5 e6 7. f4 h6 8. Bh4 Be7 9. Qf3 Qc7 10. O-O-O Nbd7 11. Be2 b5 12. Bxf6 Nxf6 13. e5 Bb7 14. Qg3 dxe5 15. fxe5 Nd5 16. Nxe6 fxe6 17. Qg6+ Kd7 18. Bg4 Qxe5 19. Nxd5 Bxd5 20. Rxd5+ Qxd5 21. Rd1 Bg5+ 22. Kb1 Qxd1+ 23. Bxd1 Bf6 24. Qf7+ Kd6 25. Bf3 Rab8 26. Qa7 b4 27. Qxa6+ Ke7 28. Qa7+ Kd6 29. a3 bxa3 30. Qxa3+ Kd7 31. c3 Rhc8 32. Qa7+ Kd6 33. Kc2 Re8 34. Bb7 Red8 35. b4 Ke7 36. Bc8+ 1-0

[Event "Corr"]
[Site "?"]
[Date "1998.03.01"]
[Round "?"]
[White "Hyldkrog Lars (DEN)"]
[Black "Tanggaard Hans"]
[Result "1-0"]
[WhiteElo "2502"]
[BlackElo "2597"]
[PlyCount "69"]
[EventDate "1998.??.??"]
[Source "www.chesslib.no"]
[SourceDate "2004.05.04"]

1. e4 c5 2. Nf3 d6 3. d4 cxd4 4. Nxd4 Nf6 5. Nc3 a6 6. Bg5 e6 7. f4 Qc7 8. Qf3 Nbd7 9. O-O-O Be7 10. g4 b5 11. Bxf6 Nxf6 12. g5 Nd7 13. f5 Bxg5+ 14. Kb1 Ne5 15. Qh5 Qd8 16. h4 Bf6 17. fxe6 O-O 18. Bh3 fxe6 19. Bxe6+ Kh8 20. Nd5 Nc4 21. Nc6 Qe8 22. Qxe8 Rxe8 23. Nxf6 gxf6 24. Bxc4 bxc4 25. Rxd6 Rxe4 26. Rxf6 Bd7 27. c3 Kg7 28. Rd6 Bf5 29. Kc1 Bg4 30. Nd4 Be2 31. Re1 Bd3 32. Rxe4 Bxe4 33. Ne6+ Kg8 34. Nc5 Bf3 35. Rxa6 1-0

[Event "EuTCh"]
[Site "Plovdiv"]
[Date "2003.10.15"]
[Round "5"]
[White "Perunovic, Milos"]
[Black "Kempinski, Robert"]
[Result "0-1"]
[WhiteElo "2534"]
[BlackElo "2561"]
[PlyCount "84"]
[EventDate "2003.10.10"]
[Source "Roberto Alvarez"]
[SourceDate "2003.10.20"]

1. e4 c5 2. Nf3 d6 3. d4 cxd4 4. Nxd4 Nf6 5. Nc3 a6 6. Bg5 e6 7. f4 Be7 8. Qf3 Qc7 9. O-O-O Nbd7 10. g4 h6 11. Bxf6 Bxf6 12. h4 Qb6 13. Nb3 Be7 14. Kb1 Nc5 15. Nd4 Bd7 16. Bg2 O-O-O 17. g5 Kb8 18. Rd2 hxg5 19. hxg5 Rxh1+ 20. Bxh1 Rh8 21. Bg2 g6 22. Rd1 Na4 23. Nxa4 Bxa4 24. Qa3 Bd7 25. e5 Bf8 26. exd6 Bxd6 27. Nc6+ Bxc6 28. Qxd6+ Qc7 29. Qd4 e5 30. Qg1 Bxg2 31. Qxg2 exf4 32. a3 Rd8 33. Rf1 Qe5 34. a4 f6 35. gxf6 Qxf6 36. Qg4 g5 37. Rg1 Rd2 38. Re1 f3 39. Qg3+ Ka7 40. Qc7 f2 41. Rf1 Re2 42. Ka2 Qc6 0-1

[Event "Sao Paulo Mario Covas 2nd"]
[Site "Sao Paulo"]
[Date "2002.02.25"]
[Round "6"]
[White "Lima, Darcy"]
[Black "Morovic Fernandez, Ivan"]
[Result "1-0"]
[WhiteElo "2540"]
[BlackElo "2554"]
[PlyCount "51"]
[EventDate "2002.02.20"]
[Source "ChessBase"]
[SourceDate "2002.03.21"]

1. e4 c5 2. Nf3 d6 3. d4 cxd4 4. Nxd4 Nf6 5. Nc3 a6 6. Bg5 e6 7. f4 Nbd7 8. Qf3 Qc7 9. O-O-O Be7 10. g4 b5 11. Bxf6 Nxf6 12. g5 Nd7 13. f5 Nc5 14. f6 gxf6 15. gxf6 Bf8 16. Rg1 h5 17. Rg7 Bb7 18. Bh3 b4 19. Nd5 exd5 20. exd5 Nd7 21. Bxd7+ Qxd7 22. Nc6 Bxc6 23. Re1+ Kd8 24. dxc6 Qc7 25. Qe4 Bxg7 26. fxg7 1-0

[Event "GER Ch 71st"]
[Site "?"]
[Date "2005.02.21"]
[Round "4"]
[White "Luther Thomas"]
[Black "Baramidze David"]
[Result "1/2-1/2"]
[WhiteElo "2543"]
[BlackElo "2550"]
[PlyCount "69"]
[EventDate "2005.??.??"]
[Source "www.chesslib.no"]
[SourceDate "2004.05.04"]

1. e4 c5 2. Nf3 d6 3. d4 cxd4 4. Nxd4 Nf6 5. Nc3 a6 6. Bg5 e6 7. f4 Be7 8. Qf3 Qc7 9. O-O-O Nbd7 10. Bd3 b5 11. Rhe1 Bb7 12. Qg3 O-O-O 13. Bxb5 axb5 14. Ndxb5 Qb8 15. e5 dxe5 16. fxe5 Nc5 17. Qh4 h6 18. Bxf6 gxf6 19. exf6 Bd6 20. Qc4 Bd5 21. Nxd5 exd5 22. Rxd5 Bf4+ 23. Kb1 Rxd5 24. Qxd5 Qxb5 25. Qf5+ Qd7 26. Qxc5+ Bc7 27. a4 Re8 28. Re7 Rxe7 29. fxe7 Qe6 30. a5 Kd7 31. a6 Qe1+ 32. Ka2 Qe6+ 33. Kb1 Qe1+ 34. Ka2 Qe6+ 35. Kb1 1/2-1/2

[Event "Dieren"]
[Site "?"]
[Date "1999.??.??"]
[Round "?"]
[White "Berelovich, A."]
[Black "Van Wely, L."]
[Result "1/2-1/2"]
[WhiteElo "2465"]
[BlackElo "2625"]
[PlyCount "136"]
[EventDate "1999.??.??"]
[Source "Chess Informant"]
[SourceDate "1999.06.01"]

1. e4 c5 2. Nf3 d6 3. d4 cxd4 4. Nxd4 Nf6 5. Nc3 a6 6. Bg5 e6 7. f4 Nbd7 8. Qf3 Qc7 9. O-O-O Be7 10. g4 b5 11. Bxf6 Nxf6 12. g5 Nd7 13. f5 Bxg5+ 14. Kb1 Ne5 15. Qh5 Qe7 16. Nxe6 Bxe6 17. fxe6 g6 18. exf7+ Kxf7 19. Qh3 Kg7 20. Nd5 Qd8 21. Be2 Rf8 22. Rhf1 Rxf1 23. Rxf1 Ra7 24. Qc3 Rb7 25. a3 a5 26. b4 axb4 27. axb4 Kh8 28. Kb2 Bh6 29. Qh3 Bg7 30. c3 Qe8 31. Ra1 Nd7 32. Qh4 h6 33. Ra6 g5 34. Qg4 Ne5 35. Qh3 Rf7 36. Qe3 Rf3 37. Qa7 Rh3 38. Qa8 Qxa8 39. Rxa8+ Kh7 40. Bxb5 Rxh2+ 41. Kb3 g4 42. Ra2 Rxa2 43. Kxa2 h5 44. Bf1 h4 45. b5 Kh6 46. b6 Nd7 47. b7 h3 48. Ka3 Kg5 49. Kb4 h2 50. Bg2 Nc5 51. Nc7 Nxb7 52. Ne6+ Kf6 53. Nxg7 Nc5 54. Nh5+ Ke5 55. Kc4 Nxe4 56. Kd3 d5 57. Ke3 Nxc3 58. Ng3 d4+ 59. Kd2 Kf4 60. Nh5+ Ke5 61. Ng3 Kf4 62. Nh5+ Kf5 63. Ng3+ Ke5 64. Nf1 Ne4+ 65. Ke2 Kf4 66. Nxh2 Nc3+ 67. Kd3 Kg3 68. Nxg4 Kxg4 1/2-1/2

[Event "Groningen (open) 74/289"]
[Site "?"]
[Date "1998.??.??"]
[Round "?"]
[White "Sulskis, Sarunas"]
[Black "Najer, Evgeniy"]
[Result "1-0"]
[WhiteElo "2555"]
[BlackElo "2535"]
[PlyCount "115"]
[EventDate "1998.??.??"]
[Source "ChessBase"]
[SourceDate "1998.10.01"]

1. e4 c5 2. Nf3 d6 3. d4 cxd4 4. Nxd4 Nf6 5. Nc3 a6 6. Bg5 e6 7. f4 Be7 8. Qf3 Qc7 9. O-O-O Nbd7 10. g4 b5 11. Bxf6 Bxf6 12. Bxb5 Rb8 13. Bxd7+ Bxd7 14. g5 Bxd4 15. Rxd4 Qb6 16. Qd3 Qxb2+ 17. Kd2 Bb5 18. Qe3 O-O 19. Rb1 Qa3 20. Nxb5 Qa5+ 21. Qc3 Rxb5 22. Qxa5 Rxa5 23. Rxd6 Rxa2 24. Rb7 h6 25. g6 fxg6 26. Rdd7 Rxf4 27. Rxg7+ Kf8 28. Rxg6 Rf2+ 29. Ke3 Raxc2 30. Rxh6 Rf7 31. Rb6 e5 32. Rxa6 Rc3+ 33. Ke2 Rb3 34. Rh5 Rc7 35. Ra2 Rb5 36. Kf3 Rf7+ 37. Kg4 Rb1 38. Ra8+ Kg7 39. Rxe5 Rg1+ 40. Kh5 Re1 41. Rg5+ Kf6 42. Ra6+ Ke7 43. Re5+ Kf8 44. h4 Re2 45. Kg6 Rg7+ 46. Kh6 Re7 47. Ra8+ Kf7 48. Rf5+ Ke6 49. Ra6+ Kd7 50. Ra7+ Ke8 51. Rxe7+ Kxe7 52. e5 Rg2 53. h5 Rg8 54. Rg5 Rf8 55. Kg7 Rf7+ 56. Kg6 Rf8 57. h6 Rg8+ 58. Kh5 1-0

[Event "Bundesliga 2004-5"]
[Site "Preetzer"]
[Date "2004.11.28"]
[Round "4"]
[White "Ginsburg, Gennadij"]
[Black "Kempinski, Robert"]
[Result "1/2-1/2"]
[WhiteElo "2481"]
[BlackElo "2608"]
[PlyCount "85"]
[EventDate "2004.11.14"]
[Source "Roberto Alvarez"]
[SourceDate "2004.12.13"]

1. e4 c5 2. Nf3 d6 3. d4 cxd4 4. Nxd4 Nf6 5. Nc3 a6 6. Bg5 e6 7. f4 Be7 8. Qf3 Qc7 9. O-O-O Nbd7 10. g4 h6 11. Bxf6 Bxf6 12. h4 Qb6 13. Nde2 Be7 14. Ng3 Nf8 15. Bc4 Ng6 16. Nf5 exf5 17. exf5 Nxh4 18. Qe4 Qd8 19. Nd5 Kf8 20. Rde1 Nxf5 21. gxf5 Bf6 22. Nxf6 gxf6 23. Rhg1 Rg8 24. Qh1 Rxg1 25. Qxh6+ Rg7 26. Rg1 Ke8 27. Qxg7 Qe7 28. Kd2 d5 29. Bd3 Kd8 30. Re1 Qb4+ 31. Kd1 Kc7 32. Re8 Qxf4 33. Qxf7+ Bd7 34. Rxa8 Qf3+ 35. Kd2 Qf2+ 36. Kc3 Qc5+ 37. Kb3 Qb6+ 38. Kc3 Qc5+ 39. Kd2 Qf2+ 40. Kd1 Qg1+ 41. Ke2 Qg2+ 42. Ke1 Qg3+ 43. Kd2 1/2-1/2